000 00688nam a2200193Ii 4500
003 JO-AjNU
008 230605s9999||||xx |||||||||||||| ||und||
040 _aJO-AjNU
_bara
_erda
_cJO-AjNU
041 _aara
050 1 4 _aHM131 .B3248
100 3 _aتأليف: بدوي، السيد محمد ,
_eauthor
_916436
245 0 0 _aالمجتمع والمشكلات الاجتماعية
264 3 1 _aالاسكندرية: دار المعرفة الجامعية
300 _a226ص
_bيحتوي على ببلوغرافية
336 _atext
_btxt
_2rdacontent
337 _aunmediated
_bn
_2rdamedia
338 _avolume
_bnc
_2rdacarrier
650 4 _aالمشاكل الاجتماعية
_916437
999 _aA4868
_c8436
_d8436